| 000 | 01177nam a22004330a 4500 | ||
|---|---|---|---|
| 001 | UByD002201 | ||
| 003 | AR-LpoUNG | ||
| 005 | 20231122225910.0 | ||
| 008 | 231122s2022||||ag |||||||||||||||||spa d | ||
| 020 | _a9788418929168 | ||
| 040 |
_aAR-LpoUNG _bspa _eaacr |
||
| 041 | _aspa | ||
| 044 | _aag | ||
| 082 | 0 | _a982.064 696toc | |
| 100 | 1 | _aRodríguez Rial, Gabriela | |
| 245 | 1 | 0 |
_aTocqueville en el fin del mundo : _bla generación de 1837 y la ciencia política argentina |
| 250 | _a1ra. ed. | ||
| 260 |
_aBuenos Aires : Barcelona : _bMiño y Dávila, _c2022. |
||
| 300 | _a176 p. | ||
| 650 | 4 | _aARGENTINA | |
| 650 | 4 | _aANALISIS HISTORICO | |
| 650 | 4 | _aCIENCIA POLITICA | |
| 650 | 4 | _aHISTORIA POLITICA | |
| 650 | 4 | _aHISTORIA CULTURAL | |
| 650 | 4 | _aINTELECTUALES | |
| 650 | 4 | _aDEMOCRACIA | |
| 650 | 4 | _aSOCIOLOGIA | |
| 650 | 4 | _aREPUBLICA | |
| 650 | 4 | _aSISTEMAS POLITICOS | |
| 650 | 4 | _aIDEOLOGIAS POLITICAS | |
| 650 | 4 | _aESTADO | |
| 650 | 4 | _aREVOLUCION | |
| 650 | 4 | _aASPECTOS POLITICOS | |
| 650 | 4 | _aSOCIALISMO | |
| 700 | 1 |
_aAndriotti Romanin, Enrique _ecomp. |
|
| 700 | 1 |
_aGroth, Terrie _ecomp. |
|
| 905 | _a36200 | ||
| 942 |
_cLIB _2ddc |
||
| 999 |
_c64716 _d64716 |
||